000 00651nam a2200241Ia 4500
003 OSt
005 20220924131457.0
006 a|||||r|||| 00| 0
007 ta
008 220923b |||||||| |||| 00| 0 hin d
024 _a9744
037 _cTextual
040 _aARTS
_cARTS
_bhin
041 _2hin
_ahin
082 _aQ2:22:g, 152K3
100 _aBhattacharya Ramsankar
_9202066
245 0 _aItihas purana ka anusheelan
260 _aVaranasi
_bIndo Book House
_c1963
300 _a312p.
_ccm.
650 _aRELIGION
942 _hQ2:22:g, 152K3
_cTEXL
_2CC
999 _c427273
_d427273